Preparation and physical properties of short fiber/thermoplastic elastomer composites (Record no. 65554)

MARC details
000 -LEADER
fixed length control field 00496nam a2200157Ia 4500
100 ## - MAIN ENTRY--AUTHOR NAME
Personal name Ishihara M
245 #0 - TITLE STATEMENT
Title Preparation and physical properties of short fiber/thermoplastic elastomer composites
260 ## - PUBLICATION, DISTRIBUTION, ETC. (IMPRINT)
Name of publisher Proceedings of the International Rubber Conference, Kobe, Japan, 1995; p319-322
650 ## - SUBJECT ADDED ENTRY--TOPICAL TERM
Topical Term Thermoplastic elastomer
700 ## - ADDED ENTRY--PERSONAL NAME
Personal name Mori M
700 ## - ADDED ENTRY--PERSONAL NAME
Personal name Nagatani A
700 ## - ADDED ENTRY--PERSONAL NAME
Personal name Okumura J
700 ## - ADDED ENTRY--PERSONAL NAME
Personal name Yamaguchi K
942 ## - ADDED ENTRY ELEMENTS (KOHA)
Koha item type Journals
Holdings
Withdrawn status Lost status Damaged status Not for loan Home library Current library Shelving location Date acquired Koha item type
      Journals RRII Library RRII Library Rubber chemistry 17/12/2021 Journals